书目信息 |
| 题名: |
医事法学
|
|
| 作者: | 姜柏生 , 万建华 , 王炜 主编 | |
| 分册: | ||
| 出版信息: | 南京 东南大学出版社 2014 |
|
| 页数: | 300页 | |
| 开本: | 26cm | |
| 丛书名: | ||
| 单 册: | ||
| 中图分类: | D922.161 | |
| 科图分类: | ||
| 主题词: | 卫生学--法学--中国 , 卫生法 | |
| 电子资源: | ||
| ISBN: | 978-7-5641-2912-5 | |
| 000 | 01048nam0 2200277 450 | |
| 001 | 523 | |
| 005 | 20140908081123.21 | |
| 010 | @a978-7-5641-2912-5@dCNY32.00 | |
| 100 | @a20140422d2014 em y0chiy50 ea | |
| 101 | 0 | @achi |
| 102 | @aCN@b320000 | |
| 105 | @ay z 000yy | |
| 106 | @ar | |
| 200 | 1 | @a医事法学@AYi Shi Fa Xue@f姜柏生,万建华,王炜主编@FJiang Bai Sheng, Wan Jian Hua, Wang Wei Zhu Bian |
| 205 | @a4版 | |
| 210 | @a南京@c东南大学出版社@d2014 | |
| 215 | @a300页@d26cm | |
| 330 | @a本书内容包括:医事法概述、医事法的制定与实施、医事司法救济、医疗机构管理法律制度、执业医师法律制度、护士管理法律制度、医疗损害法律制度、精神卫生法律制度、血液管理法律制度、食品安全法律制度、健康产品管理法律制度、传染病防治法律制度等。 | |
| 606 | 0 | @a卫生学@x法学@y中国 |
| 606 | 0 | @a卫生法 |
| 690 | @aD922.161@v5 | |
| 701 | 0 | @a姜柏生@AJiang Bai Sheng@f(1963~)@4主编 |
| 701 | 0 | @a万建华@AWan Jian Hua@f(1954~)@4主编 |
| 701 | 0 | @a王炜@AWang Wei@c(医学)@4主编 |
| 801 | 0 | @aCN@bTANGWEI@c20140603 |
| 905 | @b0842222-24@dD922.161@e1078=4@f3 | |
| 医事法学/姜柏生,万建华,王炜主编.-4版.-南京:东南大学出版社,2014 |
| 300页;26cm |
| ISBN 978-7-5641-2912-5:CNY32.00 |
| 本书内容包括:医事法概述、医事法的制定与实施、医事司法救济、医疗机构管理法律制度、执业医师法律制度、护士管理法律制度、医疗损害法律制度、精神卫生法律制度、血液管理法律制度、食品安全法律制度、健康产品管理法律制度、传染病防治法律制度等。 |
| ● |
| 相关链接 |
|
|
|
|
正题名:医事法学
索取号:D922.161/1078=4
 
预约/预借
| 序号 | 登录号 | 条形码 | 馆藏地/架位号 | 状态 | 备注 |
| 1 | 0842222 | 208422223 | 第一样本阅览室/ [索取号:D922.161/1078=4] | 在馆 | |
| 2 | 0842223 | 208422232 | 第一借阅区/ [索取号:D922.161/1078=4] | 在馆 | |
| 3 | 0842224 | 208422241 | 密集书库-史法系/ [索取号:D922.161/1078=4] | 在馆 |